Songs About Girls - "Girl" In The Title - Statistics

General Stats
  • This quiz has been taken 22 times
  • The average score is 12 of 26
Answer Stats
Year Artist Hint Answer % Correct
1967 Van Morrison Hey, where did we go days when the rain came? Down in the hollow, playing a new game -- you were my this Brown Eyed Girl
75%
1983 Cyndi Lauper Some boys take a beautiful girl and hide her away from the rest of the world, but actually this Girls Just Want To Have Fun
75%
1983 Billy Joel This person has been living in her white bread world and getting tired of her high class boys; I'm gonna try for her Uptown Girl
75%
1997 Aqua Life in plastic, it's fantastic! You can brush my hair, and undress me everywhere, because I'm this Barbie Girl
70%
2008 Katy Perry This action happened and I liked it, especially the taste of cherry chapstick; it felt so wrong and so right I Kissed A Girl
70%
1964 The Temptations I guess you'd say "what can make me feel this way?" This person, talkin' 'bout this person. My Girl
70%
1978 Queen These people make the rockin' world go 'round Fat Bottomed Girls
60%
1984 Madonna The boy with the cold hard cash is always Mister Right because I'm this Material Girl
60%
2012 Alicia Keys This person has got both feet on the ground and she's burning it down Girl on Fire
55%
1981 Rick Springfield You know I wish that I had this person - where can I find a woman like that?? Jessie's Girl
55%
2004 Gwen Stefani A few times I've been around that track, so it's not just gonna happen like that, 'cause I ain't no this Hollaback Girl
50%
1977 Hall & Oates You're this, and you've gone too far 'cause you know it don't matter anyway; you can rely on the old man's money Rich Girl
50%
2007 Avril Lavigne Hey hey you you, I don't like this person Girlfriend
45%
1976 Tom Petty Take it easy baby, make it last all night; she was this American Girl
40%
2007 Sean Kingston These people will have me suicidal when they say it's over Beautiful Girls
40%
2007 Fergie I'm going to miss you like a child misses their blanket, but I've got to get a move on with my life, and this statement applies Big Girls Don't Cry (Personal)
40%
2017 Maroon 5, Cardi B These people run around with guys like me till sundown when I come through; I need one of these people Girls Like You
40%
1987 Mötley Crüe These people have long legs and burgundy lips dancing down the Sunset Strip Girls, Girls, Girls
30%
2003 Jet You look so fine and I really wanna make you mine; big black boots, long brown hair, so I asked this Are You Gonna Be My Girl
25%
1978 The Cars She's this, but she used to be mine My Best Friend's Girl
25%
2014 One Direction She's been my queen since we were sixteen; everybody wants to do this Steal My Girl
25%
2013 M.I.A. Live fast, die young, these people do it well Bad Girls
20%
2019 Ariana Grande I know it ain't right, but I don't care: do this break up with your girlfriend, i'm bored
20%
2014 Ingrid Michaelson All the broken hearts in the world still beat; let's not make it harder than it has to be because this goes on Girls Chase Boys
15%
2011 Beyoncé Some of them men think they freak this like we do, but this is the truth Run the World (Girls)
15%
2019 Billie Eilish Hills burn in California; don't say I didn't warn you that this happens all the good girls go to hell
10%
No matching quizzes found
Score Distribution
Percent of People with Each Score
Percentile by Number Answered
Your Score History
You have not taken this quiz